| 000 | 03045ncm0a2200421 4500 | ||
|---|---|---|---|
| 001 | RU\NLR\ONIZ\195660 | ||
| 005 | 20250614044318.0 | ||
| 035 | _a(NLR Aleph) 010403637 | ||
| 071 | 2 | 0 | _a1315 |
| 090 |
_a9719564 _c9719564 |
||
| 100 | _a20120525d1972 |||y0rusy50 ca | ||
| 101 | 0 | _arus | |
| 102 | _aRU | ||
| 125 | _adx | ||
| 135 | _acrmn mmmapada | ||
| 145 | 0 | _aa | |
| 200 | 1 |
_aИзбранные хоры _bНоты _eбез сопровожд. |
|
| 205 | _a2-е изд. | ||
| 210 |
_aЛенинград _cМузыка _d1972 |
||
| 215 |
_a135 с. _d29 см |
||
| 313 | _aСистематизация документа проведена по изданию - Методика классифицирования музыкальных произведений (нотных изданий) по таблицам Библиотечно-библиографических классификаций : метод. рекомендации / Гос. б-ка СССР им. В.И. Ленина.- М., 1977. Индексу ББК методических рекомендаций присваивается код ББК для научных библиотек - LBC/SL | ||
| 325 | _aКопия доступна в Электрон. б-ке РНБ http://vivaldi.nlr.ru/bn000010457/view | ||
| 464 | 0 |
_12001#$aСосна$e"На севере диком стоит одиноко..."$fсл. М. Лермонтова _1215##$aС.11-12 _1686##$aЩ941.1-0-043.3(28)$vLBC/SL$2rubbk _1702#1$9z01790$aЛермонтов$bМ. Ю.$gМихаил Юрьевич$f1814-1841$4520$7ca _1790#1$9z01702$aLermontov$bM. Yu.$gMikhail Yur`evich$f1814-1841$4520$7ba _tСосна |
|
| 464 | 0 |
_12001#$aСеренада$e"Тихо вечер догорает..."$fсл. А. Фета _1215##$aС.13-14 _1686##$aЩ941.1-0-043.3(28)$vLBC/SL$2rubbk _1702#1$9z01790$aФет$bА. А.$gАфанасий Афанасьевич$f1820-1892$4520$7ca _1790#1$9z01702$aFet$bA. A.$gAfanasij Afanas`evič$f1820-1892$4520$7ba _tСеренада |
|
| 464 | 0 |
_12001#$aВенеция ночью$e"Всплески волн сверкают ярко..."$fсл. А. Фета _1215##$aС.15-16 _1686##$aЩ941.1-0-043.3(28)$vLBC/SL$2rubbk _1702#1$9z01790$aФет$bА. А.$gАфанасий Афанасьевич$f1820-1892$4520$7ca _1790#1$9z01702$aFet$bA. A.$gAfanasij Afanas`evič$f1820-1892$4520$7ba _tВенеция ночью |
|
| 686 |
_aЩ 941.1-0 я43(28) _vLBC/SL _2rubbk |
||
| 700 | 1 |
_9z01790 _aТанеев _bС.И. _f1856-1915 _gСергей Иванович _4230 _7ca |
|
| 790 | 1 |
_9z01700 _aTaneev _bS. I. _f1856-1915 _gSergej Ivanovich _4230 _7ba |
|
| 801 | 0 |
_aRU _bNLR _c20120525 _gPSBO |
|
| 801 | 1 |
_aRU _bNLR _c20120525 _2rusmarc |
|
| 801 | 2 |
_aRU _bNLR _c20151106 |
|
| 852 |
_aNLR _bМ _jМ 260-3/Т.181 _p14713 _t1 |
||
| 942 | _cSCORE | ||
| 980 | _aNB | ||
| 980 | _aONIZ | ||
| 981 | 2 | 4 |
_a(24) Нотные издания и аудиозаписи _b(24) Хоровая музыка. Репертуар любительского хора. |